| 000 | 00671nam a22002057a 4500 | ||
|---|---|---|---|
| 999 |
_c103752 _d103752 |
||
| 005 | 20230309124948.0 | ||
| 010 | _aENG-116143,134594 | ||
| 020 |
_c250.00 _a9789382782278 |
||
| 020 |
_c250.00 _a9789382782315 |
||
| 035 | _aEN-99675,118126 | ||
| 037 | _bDBAD/PUB | ||
| 082 | _a808.882 | ||
| 100 | _aChitkara, Ashok K. | ||
| 245 |
_aTen golden nuggets to my dear family / _cby Ashok K. Chitkara |
||
| 250 | _a5th ed. | ||
| 260 |
_aChandigarh _bChitkara University Publications _c2016 |
||
| 270 |
_aSaraswati Kendra, PO Box No.70 SCO 160-161, Sector 9-C _bChandigarh _e160009 |
||
| 300 |
_a266p. : _c19cm(pbk) _bill. |
||
| 942 |
_2ddc _cEN _h808.882 _mCHI |
||